000 00845nas a2200253 4500
001 BR7801563
003 BR-BrBNA
005 20231205083359.0
007 ta
008 230509b bl.|||p| |||| 00| 00por d
040 _aBR-BrBNA
_bpor
_cBiblioteca Nacional de Agricultura
041 _a(Pt)
072 _aF25
110 1 _aCooperativa Central dos Produtores de Acucar e Alcool do Estado de Sao Paulo, Sao Paulo (Brasil). Div. Agronomica
245 1 _aUso da torta de filtro rotativo como fertilizante no plantio da cana-de-acucar [Brasil]
650 _aCANA DE ACUCAR
650 _aTORTA
650 _aFILTRO
650 _aRESIDUO
650 _aLIXIVIACAO
773 0 _tBoletim Tecnico COPERSUCAR (Brazil)
_xISSN 0100-2996
_g(May 1978), (no. 6) p. 12-15
_wBR7801563
909 _a202311
_bLúcia
_c55
_dLúcia Elande
942 _2AGRIS
_n0
_cANA
999 _c98341
_d98341